000
00253nam a2200085Ia 4500
245
0
_a
Introduction to marketing
100
_a
Strydom, Johan Cape Town, South Africa, 2011 4th ed
_9
42863
942
_c
BK
008
210817s9999 xx 000 0 und d
999
_c
327549
_d
327548